Los pequeños filósofos /

Bajo el sello editorial El lugar común, Buena Prensa publica libros con diversos temas en el contexto de la religión y desde la perspectiva católica; en ellos se retoman cuestionamientos que los niños se plantean, tales como el amor, el perdón, la oración, la muerte, la maldad, entre otros, así como...

Description complète

Enregistré dans:
Détails bibliographiques
Auteur principal: Furland, Sophie (autor)
Autres auteurs: Pettier, Jean-Charles (autor) (autor), Monfreid, Dorothée (ilustración) (ilustración), Bravi, Soledad (ilustración) (ilustración)
Format: Livre
Langue:espagnol
Publié: México : El Lugar Común, 2019, c2019
Sujets:
Tags: Ajouter un tag
Pas de tags, Soyez le premier à ajouter un tag!

MARC

LEADER 00000nam^a2200000^a^4500
001 000420695
005 20250521000000.0
009 20260310122516.978
020 |a 978-607-8635-00-9 
037 |a Acervo ITESO - Biblioteca 
041 |a ESP 
082 |a 268. 432  |b LUG V. 9 
100 |a Furland, Sophie  |e (autor) 
245 1 4 |a Los pequeños filósofos /  |c S. Furland, J.C. Pettier ; il. de D. Monfreid, S. Bravi ; tr. por Albertina Huerta Galván. 
264 4 |a México :  |b El Lugar Común,  |c 2019, c2019 
300 |a 199 p. 
336 |a texto  |b txt  |2 rdacontenido 
337 |a sin mediación  |b n  |2 rdamedio 
338 |a volumen  |b nc  |2 rdasoporte 
500 |a Traducción de: Les p'tits philosophes 
520 |a Bajo el sello editorial El lugar común, Buena Prensa publica libros con diversos temas en el contexto de la religión y desde la perspectiva católica; en ellos se retoman cuestionamientos que los niños se plantean, tales como el amor, el perdón, la oración, la muerte, la maldad, entre otros, así como asuntos relacionados con la fe y la oración. Aunque no se trata de libros de catequesis propiamente dicha, sí promueven y facilitan el diálogo entre adultos y niños sobre preguntas recurrentes a lo largo de la vida. 
649 |a XX 
650 |a Niños 
650 |a Libros Ilustrados 
650 |a Libros para Niños -  |x Tema Principal 
650 |a Filosofía para Niños -  |x Tema Principal 
700 |a Pettier, Jean-Charles  |e (autor) 
700 |a Monfreid, Dorothée  |e (ilustración) 
700 |a Bravi, Soledad  |e (ilustración) 
910 |a Fondo General 
920 |a Impresos - Libros 
930 |a Colección General 
905 |a 101 
901 |a 0500339136  |b IT1  |c ACC  |i C169999  |u 20250521 
902 |a https://opac.biblio.iteso.mx/vufind/Record/000420695